La prueba: estudio sobre los medios de prueba y la apreciación de la prueba
Gardado en:
| Autor Principal: | |
|---|---|
| Formato: | Libro |
| Idioma: | Lingua castelá |
| Publicado: |
Bogotá
Temis
1982
|
| Edición: | 1a. ed |
| Series: | Monografías Jurídicas, 22
|
| Subjects: | |
| Tags: |
Engadir etiqueta
Sen Etiquetas, Sexa o primeiro en etiquetar este rexistro!
|
MARC
| LEADER | 00000cam a2200000 a 4500 | ||
|---|---|---|---|
| 001 | UCC5400 | ||
| 003 | CL-VaPUC | ||
| 008 | 181005e19820000ck |||||||||||||||||spa|d | ||
| 020 | |a 8482722352 | ||
| 082 | 0 | 4 | |a 347.06 |b TSC |2 21 |
| 100 | 0 | |a Tschadek, Otto |e author |9 599733 | |
| 245 | 1 | 3 | |a La prueba: estudio sobre los medios de prueba y la apreciación de la prueba |
| 250 | |a 1a. ed | ||
| 300 | |a 121 p | ||
| 942 | |c BK | ||
| 945 | |d 20181005 11:02:00 |a dcastane | ||
| 260 | |a Bogotá |b Temis |c 1982 | ||
| 650 | 0 | |a Procedimiento civil |9 254870 | |
| 650 | 0 | |a Pruebas |9 256249 | |
| 583 | |a last modification |c 20181005 11:02:00 |k Rodrigo Vera | ||
| 490 | 0 | |a Monografías Jurídicas, 22 | |
| 999 | |c 372649 |d 372647 | ||
| 952 | |0 0 |1 0 |3 erb |4 0 |6 347_060000000000000_TSC_1982 |7 0 |8 A |9 490347 |a BIBDER |b BIBDER |e Mateluna Arestizabal, Alfredo Sergio |i 5492041 |o 347.06 TSC 1982 |p 5492041 |r 2019-11-24 |w 2019-11-24 |y BK |z Catalogado en:20181005 |k DER | ||